EA FC25 TOTY Honourable Mentions - Statistics

General Stats
  • This quiz has been taken 13 times
  • The average score is 15 of 25
Answer Stats
Rate Club Nation Gender Answer % Correct
95 Man City Norway Male Erling Haaland
100%
92 Real Madrid Germany Male Antonio Rudiger
90%
92 Leverkusen Germany Male Florian Wirtz
90%
94 Bayern England Male Harry Kane
90%
91 Leverkusen Netherlands Male Jeremie Frimpong
90%
93 Inter Miami Argentina Male Lionel Messi
90%
93 Man City England Male Phil Foden
90%
92 Real Madrid Uruguay Male Federico Valverde
80%
92 Inter Argentina Male Lautaro Martinez
80%
91 PSG Brazil Male Marquinhos
80%
89 Athletic Club Spain Male Nico Williams
80%
90 Atalanta Nigeria Male Ademola Lookman
60%
90 Bayern Germany Male Jamal Musiala
60%
89 Milan France Male Mike Maignan
60%
89 Barcelona Spain Male Pedri
60%
91 Sporting Sweden Male Viktor Gyokeres
60%
90 Inter Italy Male Federico Dimarco
50%
89 Bayern Germany Female Giulia Gwinn
50%
90 Lyon Georgia Male Georges Mikautadze
40%
92 Lyon USA Female Lindsey Horan
40%
90 Orlando Pride Brazil Female Marta
40%
89 Celtic Canada Male Alistair Johnston
20%
90 San Diego USA Female Naomi Girma
20%
89 Orlando Pride Zambia Female Barbra Banda
10%
90 Barcelona Spain Female Salma Paraluello
10%
No matching quizzes found
Score Distribution
Percent of People with Each Score
Percentile by Number Answered
Your Score History
You have not taken this quiz